LDR 00664naa#a2200181#i#450# 001 EN\RIOR\bibl\125795 005 20260629143428.1 011 ## _a2409-6024 100 ## _a20260530b2026####ek#y0engy0150####ca 102 ## _aRU 200 1# _aCOUNTERING CYBER FRAUD AS A FACTOR IN ENSURING THE ECONOMIC SECURITY OF THE BANKING SECTOR _eJournal article 210 1# _aMoscow _cPublishing Center RIOR _d2026 215 ## _a15 с. 608 ## _aJournal article _2local 675 ## _aРегиональная экономика. Территориальная экономика. 332.1 _z 700 #1 _aSuglobov _gAleksandr Evgen'evich 700 #1 _aMinakov _gAndrey Vladimirovich 856 4# _ariorpub.com _u